000 00513nam a2200181Ia 4500
001 18401
005 20260306171628.0
008 260306s9999||||xx |||||||||||||| ||und||
041 _aESP
082 _a658.4038011
_bJ79
100 _aJoyanes Aguilar, Luis
_eAUT
245 0 _aInteligencia de negocios y analítica de datos:
_buna visión global de business intelligence & analytics
260 _c2019
300 _a466 páginas :
_c22 cm.
650 _aGEN
654 _aCAN
942 _cLIB
_dJUS
_fJUS
_2ddc
_n
999 _c18401
_d18401